Diseño para vivir /

Guardado en:
Autor Principal: Barnard, Christiaan
Formato: Deslizar
Series:El Cuerpo Viviente
Materias:
Etiquetas: Agregar Etiqueta
Sin Etiquetas, Sea el primero en etiquetar este registro!
LEADER 00839ngm a22002535g 4500
001 CEM.cems021456
008 130507b1992##################0###0#####d
005 20240823171920.0
245 1 0 |a Diseño para vivir /  |c Christiaan Barnard. 
300 |a 25 
490 0 |a El Cuerpo Viviente 
500 |a En soporte VHS, consultar en ventanilla. 
505 0 |a El cuerpo humano: los órganos y su funcionamiento. El corazón: evolución y descripción. 
538 |a Soporte: VHS - Norma: Pal N - Color - Intercambio Drd 1992 - Hitachi=3926 
100 1 |a Barnard, Christiaan 
082 6 1 |/ BAR-1 
653 |a ANATOMIA 
653 |a FISIOLOGIA 
653 |a CORAZON 
653 |a BIOLOGIA 
653 |a CUERPO HUMANO 
653 |a ORGANOS 
653 |a NIVEL SECUNDARIO 
859 |a CEMS  |b BIB. CEMS - Depto. Recursos Didacticos  |h 611  |i BAR-1  |k DRD  |p 99.12  |t Ej.1